In an antique land : (Record no. 16593)

MARC details
000 -LEADER
fixed length control field 00700nam a2200265Ia 4500
001 - CONTROL NUMBER
control field AUWbook000359
003 - CONTROL NUMBER IDENTIFIER
control field BDCtgAUW
005 - DATE AND TIME OF LATEST TRANSACTION
control field 20260406154837.0
008 - FIXED-LENGTH DATA ELEMENTS--GENERAL INFORMATION
fixed length control field 220908s9999 xx 000 0 eng d
020 ## - INTERNATIONAL STANDARD BOOK NUMBER
International Standard Book Number 0679727833
040 ## - CATALOGING SOURCE
Original cataloging agency BDCtgAUW
Transcribing agency BDCtgAUW
050 ## - LIBRARY OF CONGRESS CALL NUMBER
Classification number DT56.2.G48
100 1# - MAIN ENTRY--PERSONAL NAME
Personal name Ghosh, Amitav,
Relator term author.
245 #0 - TITLE STATEMENT
Title In an antique land :
Remainder of title history in the guise of a traveler's tale /
260 ## - PUBLICATION, DISTRIBUTION, ETC.
Place of publication, distribution, etc. New York :
Name of publisher, distributor, etc. Vintage,
Date of publication, distribution, etc. 1992.
300 ## - PHYSICAL DESCRIPTION
Extent 393 pages.
650 #0 - SUBJECT ADDED ENTRY--TOPICAL TERM
Topical term or geographic name entry element Egypt
General subdivision History.
9 (RLIN) 78968
650 #0 - SUBJECT ADDED ENTRY--TOPICAL TERM
Topical term or geographic name entry element Jewish merchants.
650 #0 - SUBJECT ADDED ENTRY--TOPICAL TERM
Topical term or geographic name entry element Slaves
Form subdivision Biography.
9 (RLIN) 78969
650 #0 - SUBJECT ADDED ENTRY--TOPICAL TERM
Topical term or geographic name entry element World history.
887 ## - NON-MARC INFORMATION FIELD
Content of non-MARC field BRAC
Source of data 2982
888 ## -
-- 2982
942 ## - ADDED ENTRY ELEMENTS (KOHA)
Koha item type Books
Koha issues (borrowed), all copies 0
Source of classification or shelving scheme Library of Congress Classification
945 ## - LOCAL PROCESSING INFORMATION (OCLC)
c BK

No items available.